000
00312nam a2200145Ia 4500
100
_a
One India one people
650
_a
General
942
_c
BK
654
_a
india
245
_a
Know India Better
260
_b
Authors Press
_a
Mumbai
_c
2006
082
_a
398.09/ONE
_b
ONE
300
_a
382
546
_a
ENGLISH
999
_c
22221
_d
22221